<?xml version="1.0" encoding="UTF-8"?>
<record
    xmlns:xsi="http://www.w3.org/2001/XMLSchema-instance"
    xsi:schemaLocation="http://www.loc.gov/MARC21/slim http://www.loc.gov/standards/marcxml/schema/MARC21slim.xsd"
    xmlns="http://www.loc.gov/MARC21/slim">

  <leader>02011cam a2200325Ia 4500</leader>
  <controlfield tag="008">                                        </controlfield>
  <datafield tag="020" ind1=" " ind2=" ">
    <subfield code="a">3598218451 (hbk.)</subfield>
  </datafield>
  <datafield tag="049" ind1=" " ind2=" ">
    <subfield code="a">MAIN</subfield>
  </datafield>
  <datafield tag="090" ind1=" " ind2=" ">
    <subfield code="a">Z716.3I45</subfield>
    <subfield code="b">IFL </subfield>
  </datafield>
  <datafield tag="111" ind1="2" ind2=" ">
    <subfield code="a">IFLA Satellite Meeting.</subfield>
  </datafield>
  <datafield tag="245" ind1="0" ind2="4">
    <subfield code="a">The virtual customer :</subfield>
    <subfield code="b">a new paradigm for improving customer relations in libraries and information services ; Satellite Meeting S&#xFFFD;ao Paulo, Brasil, August 18-20, 2004 = O cliente virtual : um novo paradigma para melhorar o relacionamento entre clientes e servi&#xFFFD;cos de informa&#xFFFD;c&#xFFFD;ao e bibliotecas ; Reuni&#xFFFD;ao Sat&#xFFFD;elite S&#xFFFD;ao Paulo, Brasil, August 18-20, 2004 = L'usager virtuel : un nouveau paradigme pour am&#xFFFD;eliorer le service &#xFFFD;a la client&#xFFFD;ele dans les biblioth&#xFFFD;eques et services d'information ; Colloque Satellite, S&#xFFFD;ao Paulo, Brasil, August 18-20, 2004 = El cliente virtual : un nuevo paradigma para mejorar el relacionamento entre clientes y servicios de informacion y biblioteca ; Reuni&#xFFFD;on Sat&#xFFFD;elite S&#xFFFD;ao Paulo, Brasil, August 18-20, 2004 /</subfield>
    <subfield code="c">edited by Sueli Mara Soares Pinto Ferreira and R&#xFFFD;ejean Savard.</subfield>
  </datafield>
  <datafield tag="260" ind1=" " ind2=" ">
    <subfield code="a">M&#xFFFD;unchen :</subfield>
    <subfield code="b">Saur,</subfield>
    <subfield code="c">2005.</subfield>
  </datafield>
  <datafield tag="300" ind1=" " ind2=" ">
    <subfield code="a">xvi, 385 p. :</subfield>
    <subfield code="b">ill. ;</subfield>
    <subfield code="c">22 cm.</subfield>
  </datafield>
  <datafield tag="440" ind1=" " ind2="0">
    <subfield code="a">IFLA publications,</subfield>
    <subfield code="x">0344-6891 ;</subfield>
    <subfield code="v">117.</subfield>
  </datafield>
  <datafield tag="500" ind1=" " ind2=" ">
    <subfield code="a">International conference proceedings of a conference organized by the Management and Marketing Section of IFLA.</subfield>
  </datafield>
  <datafield tag="504" ind1=" " ind2=" ">
    <subfield code="a">Includes bibliographical references.</subfield>
  </datafield>
  <datafield tag="500" ind1=" " ind2=" ">
    <subfield code="a">Includes index.</subfield>
  </datafield>
  <datafield tag="650" ind1=" " ind2="0">
    <subfield code="a">Libraries</subfield>
    <subfield code="x">Public relations</subfield>
    <subfield code="v">Congresses.</subfield>
  </datafield>
  <datafield tag="650" ind1=" " ind2="0">
    <subfield code="a">Customer relations</subfield>
    <subfield code="x">Management</subfield>
    <subfield code="v">Congresses.</subfield>
  </datafield>
  <datafield tag="650" ind1=" " ind2="0">
    <subfield code="a">Information services</subfield>
    <subfield code="x">Marketing</subfield>
    <subfield code="v">Congresses.</subfield>
  </datafield>
  <datafield tag="650" ind1=" " ind2="0">
    <subfield code="a">Internet access for library users</subfield>
    <subfield code="v">Congresses.</subfield>
  </datafield>
  <datafield tag="700" ind1="1" ind2=" ">
    <subfield code="a">Ferreira, Sueli Mara Soares Pinto.</subfield>
  </datafield>
  <datafield tag="700" ind1="1" ind2=" ">
    <subfield code="a">Savard, R&#xFFFD;ejean.</subfield>
  </datafield>
  <datafield tag="710" ind1="2" ind2=" ">
    <subfield code="a">International Federation of Library Associations and Institutions.</subfield>
  </datafield>
  <datafield tag="907" ind1=" " ind2=" ">
    <subfield code="a">.b10212188</subfield>
    <subfield code="b">21-03-12</subfield>
    <subfield code="c">28-08-06</subfield>
  </datafield>
  <controlfield tag="003"></controlfield>
  <controlfield tag="005">20230123134239.0</controlfield>
  <datafield tag="040" ind1=" " ind2=" ">
    <subfield code="c">NUST</subfield>
  </datafield>
  <datafield tag="942" ind1=" " ind2=" ">
    <subfield code="c">BOOKS</subfield>
    <subfield code="k">Z716.3I45</subfield>
    <subfield code="m">IFL </subfield>
  </datafield>
  <datafield tag="999" ind1=" " ind2=" ">
    <subfield code="c">162574</subfield>
    <subfield code="d">162574</subfield>
  </datafield>
  <datafield tag="952" ind1=" " ind2=" ">
    <subfield code="r">2023-01-23 00:00:00</subfield>
    <subfield code="l">15</subfield>
    <subfield code="o">Z716.3I45 VIR</subfield>
    <subfield code="p">92004000844</subfield>
    <subfield code="v">80.00</subfield>
    <subfield code="w">2023-01-23</subfield>
    <subfield code="y">BOOKS</subfield>
    <subfield code="1">0</subfield>
    <subfield code="2">LCC</subfield>
    <subfield code="4">0</subfield>
    <subfield code="7">0</subfield>
    <subfield code="8">NFIC</subfield>
    <subfield code="0">0</subfield>
    <subfield code="a">MAIN</subfield>
    <subfield code="b">MAIN</subfield>
    <subfield code="c">GEN</subfield>
    <subfield code="d">2023-01-23</subfield>
    <subfield code="g">80.00</subfield>
  </datafield>
</record>
